| 000 | 01156nam a2200277 4500 | ||
|---|---|---|---|
| 005 | 20240530110950.0 | ||
| 008 | 221212s2022 ua acf f b 000 0 ara d | ||
| 017 |
_a2022/4162 _bمصر. دار الكتب |
||
| 020 | _a9789776809888 | ||
| 040 |
_aEG-CaGPL _cEG-CaGPL |
||
| 082 | 0 | 4 |
_221 _a743.9 _bق/ع ر |
| 100 | 0 | _aعصام احمد ادم صالح | |
| 245 | 1 | 0 |
_aرسوم التحف التطبيقية المنفذة على الايقونات القبطية فى مصر خلال القرنين 18 - 19 م : _bدراسة حضارية فنية / _cعصام احمد ادم صالح |
| 250 | _aط.1 | ||
| 260 |
_aالقاهرة : _bالمؤسسة الدولية للكناب، _c2022. |
||
| 300 |
_a671 ص. : _bايض ؛ _c24 سم. |
||
| 504 | _aيشتمل على ارجاعات ببليوجرافية | ||
| 650 | 0 | 7 |
_2qrmak _aالايقونات |
| 650 | 0 | 7 |
_2qrmak _aالايقونات _xرسم |
| 650 | 0 | 7 |
_2qrmak _aالفن المسيحى |
| 650 | 0 | 7 |
_2qrmak _aالفن المصرى القديم |
| 651 | _2qrmak | ||
| 653 | 0 | _aالايقونات القبطية - مصر | |
| 942 |
_2ddc _cBK |
||
| 999 |
_c66991 _d66991 |
||